000 00584 a2200169 4500
001 189428
020 _a978-85-7631-150-8
040 _cMagnum
100 _aMinistério das Relações Exteriores
240 1 0 _aIII conferência nacional de política externa e política internacional
_lPOR
245 1 0 _aIII conferência nacional de política externa e política internacional
300 _a440
362 0 _a2009
440 1 _aFundação Alexandre de Gusmão
697 _aRELALÇÕES INTERNACIONAIS, POLÍTICA MUNDIAL. POLÍTICA INTERNACIONAL. POLÍTICA EXTERNA
942 _cBK
999 _c189428
_d189428